|
|
|
|
| LEADER |
00000nam a22000007a 4500 |
| 005 |
20130708170712.0 |
| 007 |
cr|||| |||| |
| 008 |
130708s2012 mx |||||s|||| 00||0 spa d |
| 035 |
|
|
|a 11343
|
| 040 |
|
|
|a vLex
|
| 090 |
|
|
|c 4385
|d 4385
|
| 100 |
1 |
|
|a Bornacini Hervella, Honor ̌A.
|
| 245 |
1 |
0 |
|a Gua̕ para la planeacin̤ del cierre anual de sueldos y salarios 2012
|h [Recurso electrn̤ico] /
|c Honor ̌A. Bornacini Hervella
|
| 256 |
|
|
|a Servicio en ln̕ea
|
| 260 |
|
|
|a Mx̌ico D.F:
|b Mx̌ico Fiscal,
|c 2012
|
| 300 |
|
|
|a 1 recurso electrn̤ico
|
| 506 |
1 |
|
|a Contenido solo disponible en los productos indicados
|d vLex Global
|d vLex Global (Academic Edition, excluding Law Schools)
|d vLex Global (U.S. Academic Edition, Law Schools)
|d vLex Global (U.S. Academic Edition, excluding Law Schools)
|d vLex Global (Academic Edition, Law Schools)
|
| 650 |
0 |
4 |
|a Fiscalidad
|z Mx̌ico
|
| 650 |
0 |
4 |
|a Salarios
|z Mx̌ico
|
| 740 |
0 |
|
|a vLex Libros (Servicio en ln̕ea)
|
| 856 |
4 |
0 |
|u http://vlex.com/source/guia-la-planeacion-del-cierre-anual-sueldos-y-salarios-2012-11343
|z Acceso restringido
|
| 942 |
|
|
|c BOOK
|
| 999 |
0 |
|
|a Wages
|
| 999 |
0 |
|
|a Taxation
|